| 000 | 00701nam a22002537a 4500 | ||
|---|---|---|---|
| 001 | 54128 | ||
| 003 | UA-OsUOA | ||
| 005 | 20210726223718.0 | ||
| 007 | ta | ||
| 008 | 20080526b un ||||| |||| 00| 0 ukr d | ||
| 020 | _a966-8066-09-Х | ||
| 040 |
_aUA-OsUOA _bukr _cUA-OsUOA _dUA-OsUOA |
||
| 041 | _aukr | ||
| 080 | _a281.9:392 | ||
| 090 |
_a281.9:392 _bК44 |
||
| 100 | _aКислашко О. | ||
| 245 | _aПравославні свята та народні звичаї | ||
| 260 |
_aК. _bГрамота _c2003 |
||
| 300 | _a152 с. | ||
| 650 | 7 |
_a281.9 Східна православна церква і скопці _2UDC |
|
| 700 | _aКислашко Я. | ||
| 942 | _cBK | ||
| 955 | _a2 | ||
| 999 |
_c340696 _d340696 |
||